000 00640nam a22001937a 4500
003 koha_MIRAKIL
005 20250924155034.0
008 250924b tur||||| |||| 00| 0 tur d
020 _a9786259755328
040 _aTR-IsEVY
_btur
_cTR-IsEVY
082 _aFIC HAN/G
100 _aHancıoğlu, Oya
245 0 _aGörev beni çağırıyor o iş bende /
_cOya Hancıoğlu ; resimleyen Deniz Avcıer.
260 _aİstanbul :
_bMandolin,
_c2025.
300 _a53 s. :
_brenkli resimli ;
_c21 cm.
650 _aÇocuk Edebiyatı.
_vÇocuk Hikayeleri.
_vDayanışma.
_vSorumluluk.
700 1 _aAvcıer, Deniz.
_cresimleyen.
942 _2ddc
_cBK
999 _c22661
_d22661